Príprava ojedinelej rekonštrukcie Za splnenie uznesenia 12. zasadnutia ÚV KSČ

Podrobná bibliografia
Hlavný autor: Markovič, Ján (Autor)
Médium: Článok
Jazyk:slovenčina
Predmet:

MARC

LEADER 00000nab a2200000 a 4500
001 vtls000017687
003 SK-MaSNL
005 20260303030912.0
008 111103c1979 xo 0 slo
015 |a SNBRB19rr/mm-uuuuu 
035 |a CL0027781 
040 |a SNKBUCL  |b slo  |c SNKBUCL  |e AACR2 
041 0 |a slo 
044 |a xo  |c SK 
080 |a 669.1  |2 1981 
100 1 |a Markovič, Ján  |4 aut  |9 423021 
245 1 0 |a Príprava ojedinelej rekonštrukcie  |b Za splnenie uznesenia 12. zasadnutia ÚV KSČ  |c Ján Markovič 
610 2 7 |a Východoslovenské železiarne (Košice, Slovensko)  |2 snkbucl 
650 0 7 |a pece vysoké  |2 snkbucl  |9 885523 
651 7 |a 5403  |2 snkbucl  |9 893808 
655 7 |a články z novín a časopisov  |2 snkbucl  |9 267496 
773 0 |t Pravda  |g Roč. 60, č. 10 (12. 1. 1979), s. 3 
850 |a Slovenská národná knižnica v Martine  |a MTA001 
852 |a SNK  |b KIS3GCP 
958 |a RK 
992 |a RBX 
999 |c 1654821  |d 1656751